| 000 | 00478nam a2200193Ia 4500 | ||
|---|---|---|---|
| 005 | 20240823062559.0 | ||
| 008 | 240823s9999||||xx |||||||||||||| ||und|| | ||
| 041 | _aENGLISH | ||
| 082 | _A005.3 M8 | ||
| 100 | _a"Harvey,Greg" | ||
| 245 | 0 | _aLotus 1-2-3 instant Reference | |
| 250 | _a1 | ||
| 260 |
_c1988 _b"BPB,New Delhi" |
||
| 500 | _aTRANSFERED | ||
| 650 |
_aProgramming _bComputer Applications |
||
| 700 | _a" Nelson,Kay Yarborough" | ||
| 942 | _cBK | ||
| 999 |
_c236215 _d236215 |
||